Python High Performance Programming (Record no. 336170)

MARC details
000 -LEADER
fixed length control field 00524nam a2200169Ia 4500
008 - FIXED-LENGTH DATA ELEMENTS--GENERAL INFORMATION
fixed length control field 230718s9999 xx 000 0 und d
020 ## - INTERNATIONAL STANDARD BOOK NUMBER
International Standard Book Number 9789351104506
041 ## - LANGUAGE CODE
Language code of text/sound track or separate title eng
082 ## - DEWEY DECIMAL CLASSIFICATION NUMBER
Classification number 005.13'3
Item number LAN
100 ## - MAIN ENTRY--PERSONAL NAME
Personal name Lanaro G.
9 (RLIN) 196064
245 ## - TITLE STATEMENT
Title Python High Performance Programming
Remainder of title Boost The Performance Of Your Python Programs Using Advanced Techniques
260 ## - PUBLICATION, DISTRIBUTION, ETC. (IMPRINT)
Date of publication, distribution, etc. 2014
Name of publisher, distributor, etc. PACKT/SPD
300 ## - PHYSICAL DESCRIPTION
Extent 95
365 ## - TRADE PRICE
Currency code Rs.
Price amount 250.00
700 ## - ADDED ENTRY--PERSONAL NAME
Personal name Lanaro G.
9 (RLIN) 196064
906 ## - LOCAL DATA ELEMENT F, LDF (RLIN)
d O:0388422-May-2014B:559108-Apr-2014
c COMP
b 55
Holdings
Withdrawn status Lost status Damaged status Not for loan Home library Current library Date acquired Vendor Budget Code Cost, normal purchase price Bill number Total Checkouts Full call number Barcode Date last seen Discount Cost, replacement price Bill Date Koha item type Original Barcode
        Cummins College of Engineering for Women Pune Cummins College of Engineering for Women Pune 22/05/2014 Technical Book Services COMP 195.00 5591   005.13'3 CCEP-BK-47377 18/07/2023 55 250.00 08/04/2014 Books 047377